Switzerland Logo Quiz! #1 - Statistics

General Stats
  • This quiz has been taken 121 times
  • The average score is 13 of 24
Answer Stats
Picture Answer % Correct
Rolex
93%
Nestle
91%
Nesquik
82%
Toblerone
79%
Omega
76%
Milka
74%
Nescafe
74%
Swissair
74%
WWF
70%
Red Cross
66%
Nespresso
65%
Schweppes
62%
Tissot
58%
Tag Heuer
46%
UBS
43%
Maggi
41%
Zurich
41%
Credit Suisse
28%
Logitech
28%
Pantene
17%
Patek Philippe
15%
Lindt
14%
Longines
14%
Swatch
14%
No matching quizzes found
Score Distribution
Percent of People with Each Score
Percentile by Number Answered
Your Score History
You have not taken this quiz